MARC

LEADER 00000nam0a2200000 4500
001 274468
005 20231101234730.0
020 |a RU  |b 85-62927 
035 |a (RuTPU)RU\TPU\book\297678 
090 |a 274468 
100 |a 20141105d1984 m y0rusy5003 ca 
101 0 |a rus 
102 |a RU 
105 |a y j 001zy 
200 1 |a Общая и региональная геотектоника  |e обзорная лекция  |f С. Л. Афанасьев  |g Всесоюзный заочный политехнический институт 
210 |a Москва  |c Изд-во ВЗПИ  |d 1984 
215 |a 48 с. 
320 |a Библиогр.: с. 45 
606 1 |a Тектоника  |2 stltpush  |3 (RuTPU)RU\TPU\subj\58770  |9 76521 
610 1 |a пособия для заочников 
610 1 |a лекции 
610 1 |a земная кора 
610 1 |a оболочки 
610 1 |a структурные элементы 
610 1 |a океаническая кора 
610 1 |a материковая часть 
675 |a 551.24(075.4)  |z rus  |v 4 
700 1 |a Афанасьев  |b С. Л.  |g Спартак Леонидович  |4 070 
712 0 2 |a Всесоюзный заочный политехнический институт  |2 stltpush  |3 (RuTPU)RU\TPU\col\8269 
801 0 |a RU  |b RuMRKP  |c 19950704  |g psbo 
801 1 |a RU  |b 63413507  |c 20141105 
801 2 |a RU  |b 63413507  |c 20170323  |g RCR 
942 |c BK